| 000 | 00474nam a2200193 i 4500 | ||
|---|---|---|---|
| 001 | bg | ||
| 245 | 0 |
_aTypowe elementy hydrauliki siĆowej / _coprac. Jerzy Jachnicki [et al.]. |
|
| 260 |
_aWarszawa, _c1980. |
||
| 490 | 1 | _aKatalog SWW 0876 | |
| 650 | 9 | _aPompy | |
| 655 | _aKatalogi | ||
| 700 | 1 | _aJACHNICKI, Jerzy | |
| 830 | _aKatalog SWW 0876 | ||
| 040 | _cBPK | ||
| 041 | _apol | ||
| 080 | _a621.5/.6 | ||
| 942 | _cKA | ||
| 008 | s pl f |000 0 pol | ||
| 999 |
_c24099 _d24099 |
||
| 856 |
_uhttp://koha.tu.koszalin.pl/cgi-bin/koha/opac-detail.pl?biblionumber=24099 _yKatalog online BPK |
||